[Event "9th Asia-ch"]
[Site "Mashhad IRI"]
[Date "2011.05.08"]
[Round "7.15"]
[White "Laylo, Darwin"]
[Black "Lou Yiping"]
[Result "1/2-1/2"]
[WhiteElo "2516"]
[BlackElo "2435"]
[EventDate "2011.05.02"]
[PlyCount "92"]

1.d4 Nf6 2.c4 g6 3.Nc3 d5 4.Nf3 Bg7 5.e3 O-O 6.Be2 dxc4 7.O-O c5 8.dxc5 
Qa5 9.Bxc4 Qxc5 10.Bb3 Nc6 11.e4 Qh5 12.Be3 Na5 13.h3 Nxb3 14.axb3 Be6 15.
Nd4 a6 16.Qxh5 Nxh5 17.Nxe6 fxe6 18.Rfd1 b5 19.Rd7 Rfe8 20.Rb7 Kf7 21.g4 
Bxc3 22.bxc3 Nf6 23.f3 Rec8 24.Bd4 Rc6 25.Rxb5 axb5 26.Rxa8 e5 27.Bxe5 Nd7
28.Bh8 e5 29.f4 Rxc3 30.Ra7 Kg8 31.Rxd7 Kxh8 32.fxe5 Kg8 33.e6 Kf8 34.Rxh7
Rxb3 35.Kf2 b4 36.g5 Rc3 37.h4 b3 38.Rf7+ Ke8 39.Rb7 Rh3 40.e7 b2 41.Kg2 
Rc3 42.Rxb2 Rc4 43.Kg3 Kxe7 44.Rf2 Ra4 45.Rf4 Ra3+ 46.Kg4 Ra1 1/2-1/2

[Event "9th Asia-ch"]
[Site "Mashhad IRI"]
[Date "2011.05.08"]
[Round "7.17"]
[White "Alavi Sayed, Javad"]
[Black "Ghaem Maghami, Ehsan"]
[Result "0-1"]
[WhiteElo "2428"]
[BlackElo "2606"]
[EventDate "2011.05.02"]
[PlyCount "76"]

1.e4 c5 2.Nf3 e6 3.d4 cxd4 4.Nxd4 a6 5.Nc3 Qc7 6.Be2 b5 7.O-O Bb7 8.Re1 
Nc6 9.Nxc6 dxc6 10.e5 c5 11.Bd3 Rd8 12.Qh5 g6 13.Qe2 Bg7 14.Bg5 Ne7 15.Bf6
O-O 16.Qg4 Rd4 17.Qh3 Nf5 18.Ne2 Ra4 19.Bxf5 exf5 20.b3 Re4 21.Ng3 Rxe1+ 
22.Rxe1 Bxf6 23.exf6 Qf4 24.Re7 Be4 25.Nf1 Qg5 26.Rc7 f4 27.Re7 Bxc2 28.
Qc3 Bf5 29.Qe5 f3 30.Ne3 Qh6 31.g4 Be6 32.g5 Qh4 33.Qxc5 h6 34.gxh6 Qxh6 
35.h3 Rc8 36.Qd6 Qh4 37.Rxe6 Rc1+ 38.Nf1 Qg5+ 0-1

[Event "9th Asia-ch"]
[Site "Mashhad IRI"]
[Date "2011.05.08"]
[Round "7.18"]
[White "Gao Rui"]
[Black "Santosh Gujrathi, Vidit"]
[Result "1/2-1/2"]
[WhiteElo "2419"]
[BlackElo "2495"]
[EventDate "2011.05.02"]
[PlyCount "48"]

1.e4 c6 2.d4 d5 3.Nc3 dxe4 4.Nxe4 Bf5 5.Ng3 Bg6 6.h4 h6 7.Nf3 Nd7 8.h5 Bh7
9.Bd3 Bxd3 10.Qxd3 e6 11.Bd2 Ngf6 12.O-O-O Be7 13.Qe2 O-O 14.Nf1 c5 15.g4 
cxd4 16.g5 Nd5 17.gxh6 Qb6 18.Rg1 Ba3 19.Rxg7+ Kh8 20.bxa3 Nc3 21.Bxc3 
dxc3 22.Rh7+ Kg8 23.Rg7+ Kh8 24.Rh7+ Kg8 1/2-1/2

[Event "9th Asia-ch"]
[Site "Mashhad IRI"]
[Date "2011.05.08"]
[Round "7.19"]
[White "Debashis, Das"]
[Black "Shyam Sundar, M."]
[Result "1/2-1/2"]
[WhiteElo "2392"]
[BlackElo "2457"]
[EventDate "2011.05.02"]
[PlyCount "46"]

1.d4 Nf6 2.c4 g6 3.Nf3 Bg7 4.g3 O-O 5.Bg2 d6 6.O-O Nbd7 7.Nc3 e5 8.h3 c6 
9.e4 Qa5 10.Be3 exd4 11.Nxd4 Re8 12.Qc2 a6 13.a4 Qc7 14.a5 Ne5 15.b3 c5 
16.Nde2 Nc6 17.Qa2 Be6 18.Rfd1 Rad8 19.Nf4 Qc8 20.Qd2 Qc7 21.Qa2 Qc8 22.
Qd2 Qc7 23.Qa2 Qc8 1/2-1/2

[Event "9th Asia-ch"]
[Site "Mashhad IRI"]
[Date "2011.05.08"]
[Round "7.20"]
[White "Pourramezanali, Amirreza"]
[Black "Vaibhav, Suri"]
[Result "0-1"]
[WhiteElo "2330"]
[BlackElo "2430"]
[EventDate "2011.05.02"]
[PlyCount "134"]

1.e4 c5 2.c3 Nf6 3.e5 Nd5 4.d4 cxd4 5.cxd4 d6 6.Nf3 e6 7.Nc3 Nxc3 8.bxc3 
Qc7 9.Bd2 Nd7 10.Bd3 dxe5 11.O-O Be7 12.Re1 O-O 13.dxe5 Rd8 14.Nd4 Nf8 15.
Qh5 Rd5 16.Be4 Ra5 17.f4 f5 18.Bc2 Bd7 19.Bb3 g6 20.Qh6 Bc5 21.Kh1 Re8 22.
Re3 Ba4 23.Bc4 Bb6 24.Be2 Rd5 25.Rc1 Qd7 26.h4 Rc8 27.h5 Qg7 28.Qxg7+ Kxg7
29.Rd3 Kf7 30.Be3 Rd7 31.Kg1 Rdc7 32.Kf2 Nd7 33.hxg6+ hxg6 34.Nf3 Ke7 35.
Ng5 Bxe3+ 36.Kxe3 Rb8 37.Rd6 Nc5 38.Bc4 Bd7 39.a3 Ne4 40.Nxe4 Rxc4 41.Ng5 
Rbc8 42.Kd3 R4c5 43.c4 Rh8 44.Ke3 Bc8 45.a4 b6 46.Kf2 Rh4 47.Ke3 Rh2 48.
Nf3 Rh8 49.Nd4 g5 50.g3 Bd7 51.Nb3 gxf4+ 52.Kxf4 Rc7 53.a5 Rg8 54.Kf3 Rg4 
55.axb6 axb6 56.Rd4 Ba4 57.Rd3 Rgxc4 58.Rxc4 Rxc4 59.Nd4 b5 60.g4 fxg4+ 
61.Kxg4 b4 62.Kf3 Bc6+ 63.Ke3 Bd5 64.Kd2 Be4 65.Nc2 Rxc2+ 66.Kxc2 b3+ 67.
Kc3 b2 0-1

[Event "9th Asia-ch"]
[Site "Mashhad IRI"]
[Date "2011.05.08"]
[Round "7.21"]
[White "Ahmadinia, Ebrahim"]
[Black "Annageldiev, Orazly"]
[Result "1-0"]
[WhiteElo "2429"]
[BlackElo "2418"]
[EventDate "2011.05.02"]
[PlyCount "65"]

1.e4 e5 2.Nf3 Nc6 3.Bc4 Bc5 4.c3 Nf6 5.d3 d6 6.h3 O-O 7.Bb3 h6 8.Nbd2 a6 
9.Nf1 d5 10.Qe2 Be6 11.g4 Na5 12.g5 Nxb3 13.axb3 dxe4 14.dxe4 Nxe4 15.Qxe4
Bd5 16.Qe2 e4 17.Nd4 Bxd4 18.cxd4 e3 19.f3 Qxg5 20.Bxe3 Qe7 21.O-O-O Bxb3 
22.Re1 Qf6 23.Rg1 Qc6+ 24.Kb1 Be6 25.Qd3 Kh8 26.Nd2 Qd5 27.Kc1 Bf5 28.Qc4 
Qa5 29.Ne4 Rad8 30.Bd2 Qb6 31.Qc5 Qe6 32.Ng3 Qd7 33.Nxf5 1-0

[Event "9th Asia-ch"]
[Site "Mashhad IRI"]
[Date "2011.05.08"]
[Round "7.22"]
[White "Arabi, Saeid"]
[Black "Noroozi, Omid"]
[Result "0-1"]
[WhiteElo "2159"]
[BlackElo "2340"]
[EventDate "2011.05.02"]
[PlyCount "76"]

1.d4 d5 2.c4 e6 3.Nf3 Nf6 4.Qc2 Nbd7 5.Nbd2 c5 6.e3 Bd6 7.b3 O-O 8.Bb2 b6 
9.Bd3 Bb7 10.O-O Rc8 11.a4 h6 12.Ne5 cxd4 13.exd4 dxc4 14.bxc4 Nd5 15.Bh7+
Kh8 16.Be4 Ba6 17.Rfd1 N7f6 18.Bf3 Qc7 19.Qb3 Ne7 20.Rac1 Nf5 21.Re1 Nd7 
22.Nxd7 Qxd7 23.g3 Be7 24.d5 exd5 25.Bxd5 Bc5 26.Nf3 Rce8 27.Ne5 Qc7 28.
Nxf7+ Kh7 29.Ne5 Bxf2+ 30.Kg2 Bxe1 31.Rxe1 Bb7 32.Qd3 Bxd5+ 33.cxd5 Kg8 
34.Rc1 Qd6 35.Nc4 Qg6 36.Kg1 Qg5 37.d6 Nh4 38.d7 Qxc1+ 0-1

[Event "9th Asia-ch"]
[Site "Mashhad IRI"]
[Date "2011.05.08"]
[Round "7.23"]
[White "Yu Ruiyuan"]
[Black "Khademi, Mohammad Miran"]
[Result "1-0"]
[WhiteElo "2431"]
[BlackElo "2308"]
[EventDate "2011.05.02"]
[PlyCount "87"]

1.e4 e5 2.Nf3 Nc6 3.d4 exd4 4.Bc4 Nf6 5.e5 d5 6.Bb5 Ne4 7.Nxd4 Bd7 8.Bxc6 
bxc6 9.O-O Bc5 10.f3 Ng5 11.f4 Ne4 12.Be3 Rb8 13.Nd2 Rxb2 14.N2b3 Bb6 15.
Qc1 Rxb3 16.Nxb3 c5 17.c4 d4 18.Qc2 Qa8 19.Bd2 Bf5 20.Qd3 O-O 21.Rae1 Nd6 
22.Qe2 d3 23.Qh5 g6 24.Qh6 Nxc4 25.Bc3 Qe8 26.g4 Bxg4 27.f5 Bxf5 28.Rxf5 
Qe6 29.Rf4 Rd8 30.Rh4 Na3 31.Qxh7+ Kf8 32.Qh8+ Ke7 33.Qf6+ Kd7 34.Qxe6+ 
Kxe6 35.Kg2 Nc2 36.Rc1 g5 37.Re4 Kd5 38.Nd2 c4 39.Kf3 Bd4 40.Bxd4 Nxd4+ 
41.Rxd4+ Kxd4 42.Rxc4+ Kxe5 43.Rc5+ Kd4 44.Nb3# 1-0

[Event "9th Asia-ch"]
[Site "Mashhad IRI"]
[Date "2011.05.08"]
[Round "7.24"]
[White "Sadeh, Shahin"]
[Black "Hussein, Hussein Ali"]
[Result "0-1"]
[WhiteElo "2343"]
[BlackElo "2394"]
[EventDate "2011.05.02"]
[PlyCount "52"]

1.Nf3 Nf6 2.b3 d6 3.d4 g6 4.Bb2 Bg7 5.Nbd2 O-O 6.e4 c6 7.a4 a5 8.Bd3 Re8 
9.O-O d5 10.e5 Nh5 11.c4 Nf4 12.Bb1 Na6 13.g3 Ne6 14.h4 Nb4 15.Kg2 c5 16.
cxd5 Nxd4 17.Be4 Bg4 18.Bxd4 cxd4 19.Nc4 f5 20.Bb1 Qxd5 21.Nb6 Qc6 22.Nxa8
Rxa8 23.Re1 Qc3 24.Qe2 d3 25.Bxd3 Nxd3 26.Red1 Nxe5 0-1

[Event "9th Asia-ch"]
[Site "Mashhad IRI"]
[Date "2011.05.08"]
[Round "7.25"]
[White "Yang Ching Wei, Austin"]
[Black "Bakr, Jwan"]
[Result "0-1"]
[WhiteElo "1717"]
[BlackElo "2368"]
[EventDate "2011.05.02"]
[PlyCount "82"]

1.e4 c5 2.Nf3 d6 3.d4 cxd4 4.Nxd4 Nf6 5.Nc3 a6 6.a4 b6 7.Be2 Bb7 8.f3 e6 
9.Be3 Be7 10.O-O Nbd7 11.b4 Rc8 12.Na2 d5 13.exd5 Nxd5 14.Bd2 Ne5 15.f4 
Nc4 16.Bxc4 Rxc4 17.Ne2 Nxb4 18.Bxb4 Bxb4 19.Nxb4 Rxb4 20.c3 Rb2 21.Rf2 
Rd2 22.Qb3 O-O 23.Rb1 Be4 24.Rc1 Qd3 25.Re1 Qe3 26.Qa3 Bd3 27.c4 Qe4 28.
Qc3 Rxe2 29.Rfxe2 Bxe2 30.Qd2 Qxc4 31.Rxe2 Qxa4 32.Re5 Rc8 33.h3 h6 34.Qe3
Rc2 35.f5 Qc6 36.Qg3 exf5 37.Rxf5 a5 38.Rf3 a4 39.Qf4 Rc1+ 40.Kf2 Qc5+ 41.
Kg3 Qc7 0-1

[Event "9th Asia-ch"]
[Site "Mashhad IRI"]
[Date "2011.05.09"]
[Round "8.1"]
[White "Yu Yangyi"]
[Black "Moradiabadi, Elshan"]
[Result "1-0"]
[WhiteElo "2646"]
[BlackElo "2536"]
[EventDate "2011.05.02"]
[PlyCount "67"]

1.e4 e5 2.Nf3 Nc6 3.d4 exd4 4.Nxd4 Nf6 5.Nxc6 bxc6 6.e5 Qe7 7.Qe2 Nd5 8.c4
Nb6 9.Nc3 Bb7 10.Bf4 g6 11.Qe3 Bg7 12.Bd3 O-O 13.O-O Ba6 14.b3 d6 15.Rae1 
Rfe8 16.Be4 d5 17.Bf3 Qe6 18.Qc5 Qd7 19.h3 h5 20.Qa5 Qc8 21.Ne2 Bxe5 22.
Bxe5 Rxe5 23.Nd4 Rxe1 24.Rxe1 Bb7 25.c5 Nd7 26.Bxh5 Qf8 27.Qxc7 Nxc5 28.
Bxg6 fxg6 29.Ne6 Nxe6 30.Rxe6 Qg7 31.Qd6 Kh8 32.Rxg6 Qa1+ 33.Kh2 Re8 34.
Rg3 1-0

[Event "9th Asia-ch"]
[Site "Mashhad IRI"]
[Date "2011.05.09"]
[Round "8.2"]
[White "Harikrishna, Pentala"]
[Black "Sasikiran, Krishnan"]
[Result "1/2-1/2"]
[WhiteElo "2666"]
[BlackElo "2676"]
[EventDate "2011.05.02"]
[PlyCount "55"]

1.d4 Nf6 2.c4 e6 3.Nf3 b6 4.a3 Ba6 5.Qc2 Bb7 6.Nc3 c5 7.e4 cxd4 8.Nxd4 Bc5
9.Nb3 Nc6 10.Bg5 h6 11.Bh4 Nd4 12.Nxd4 Bxd4 13.Bd3 Qb8 14.Bg3 Be5 15.O-O-O
O-O 16.Kb1 a6 17.Rhe1 Rc8 18.Qe2 b5 19.cxb5 axb5 20.Nxb5 Bxg3 21.hxg3 Nxe4
22.Bxe4 Bxe4+ 23.Qxe4 Qxb5 24.Qd3 Qb6 25.Qd4 Qb3 26.Qd3 Qb6 27.Qd4 Qb3 28.
Qd3 1/2-1/2

[Event "9th Asia-ch"]
[Site "Mashhad IRI"]
[Date "2011.05.09"]
[Round "8.3"]
[White "So, Wesley"]
[Black "Bu Xiangzhi"]
[Result "1/2-1/2"]
[WhiteElo "2667"]
[BlackElo "2662"]
[EventDate "2011.05.02"]
[PlyCount "64"]

1.e4 c5 2.Nf3 d6 3.d4 cxd4 4.Nxd4 Nf6 5.Nc3 a6 6.Be3 e5 7.Nb3 Be7 8.f3 Be6
9.Qd2 O-O 10.O-O-O Qc7 11.g4 Rc8 12.g5 Nh5 13.Kb1 Nd7 14.Nd5 Bxd5 15.exd5 
a5 16.Bh3 a4 17.Nc1 Nf4 18.Bxf4 exf4 19.Bxd7 Qxd7 20.h4 Rc4 21.Ne2 Rac8 
22.c3 g6 23.a3 Bf8 24.Nd4 R8c5 25.Qxf4 Rxd5 26.Qe4 Re5 27.Qd3 d5 28.f4 Re4
29.f5 Bc5 30.fxg6 hxg6 31.h5 Bxd4 32.cxd4 Rcxd4 1/2-1/2

[Event "9th Asia-ch"]
[Site "Mashhad IRI"]
[Date "2011.05.09"]
[Round "8.4"]
[White "Ganguly, Surya Shekhar"]
[Black "Zhumabaev, Rinat"]
[Result "1/2-1/2"]
[WhiteElo "2643"]
[BlackElo "2558"]
[EventDate "2011.05.02"]
[PlyCount "66"]

1.e4 e5 2.Nf3 Nc6 3.Bb5 Nf6 4.O-O Nxe4 5.d4 Nd6 6.Bxc6 dxc6 7.dxe5 Nf5 8.
Qxd8+ Kxd8 9.h3 Ke8 10.Nc3 h5 11.Bf4 Be7 12.Rad1 Bd7 13.Ng5 Rd8 14.e6 Bxe6
15.Nxe6 fxe6 16.Bxc7 Rd4 17.Bb8 Bf6 18.Bxa7 Rb4 19.Rfe1 Rxb2 20.Ne4 Rxa2 
21.Nxf6+ gxf6 22.Bb6 Ke7 23.Bc5+ Kf7 24.Rd7+ Kg6 25.Rxe6 Rxc2 26.Bb6 Rf8 
27.Rxb7 Rf7 28.Rxf7 Kxf7 29.Re4 Ne7 30.g4 Nd5 31.Be3 hxg4 32.hxg4 c5 33.
Kg2 Nxe3+ 1/2-1/2

[Event "9th Asia-ch"]
[Site "Mashhad IRI"]
[Date "2011.05.09"]
[Round "8.5"]
[White "Nguyen Ngoc Truong Son"]
[Black "Wen Yang"]
[Result "1-0"]
[WhiteElo "2635"]
[BlackElo "2545"]
[EventDate "2011.05.02"]
[PlyCount "43"]

1.d4 Nf6 2.c4 g6 3.Nc3 Bg7 4.e4 d6 5.f4 O-O 6.Nf3 Bg4 7.Be2 e5 8.fxe5 dxe5
9.d5 a5 10.Be3 Na6 11.h3 Bxf3 12.Bxf3 Nd7 13.h4 f5 14.h5 Bf6 15.hxg6 hxg6 
16.exf5 gxf5 17.Bh5 Kg7 18.Qf3 Bg5 19.Bg6 Bxe3 20.Rh7+ Kg8 21.Qh5 Qf6 22.
Rxd7 1-0

[Event "9th Asia-ch"]
[Site "Mashhad IRI"]
[Date "2011.05.09"]
[Round "8.6"]
[White "Zhao Jun"]
[Black "Zhou Weiqi"]
[Result "1-0"]
[WhiteElo "2574"]
[BlackElo "2610"]
[EventDate "2011.05.02"]
[PlyCount "124"]

1.c4 c5 2.Nc3 Nc6 3.g3 g6 4.Bg2 Bg7 5.e3 Nh6 6.Nge2 Nf5 7.O-O O-O 8.b3 a6 
9.Bb2 b5 10.d3 Bb7 11.Qb1 bxc4 12.dxc4 d6 13.Rd1 Rb8 14.Nd5 e6 15.Bxg7 
Nxg7 16.Ndc3 Qe7 17.f4 Nf5 18.Kf2 Rfd8 19.Qc1 Nb4 20.e4 Nd4 21.Nxd4 cxd4 
22.Rxd4 d5 23.exd5 Qc5 24.Qd2 Nc6 25.Rd1 exd5 26.Nxd5 a5 27.Nf6+ Kg7 28.
Bxc6 Bxc6 29.Ng4 a4 30.Ne5 Be8 31.Qe3 Rxd4 32.Qxd4 Qxd4+ 33.Rxd4 axb3 34.
axb3 Rxb3 35.Nd3 Rc3 36.Ke3 Rc2 37.Rd8 Kf8 38.Kd4 Rxh2 39.Ra8 Ke7 40.Nb4 
Rd2+ 41.Kc5 f5 42.Nd5+ Kf7 43.Ra7+ Kf8 44.Nf6 Bf7 45.Nxh7+ Kg8 46.Ng5 Be8 
47.Ne6 Rd3 48.Rg7+ Kh8 49.Re7 Ba4 50.Ra7 Bc2 51.Ra2 Bb1 52.Rb2 Rd1 53.Rb8+
Kh7 54.Rb7+ Kh8 55.Nf8 Be4 56.Nxg6+ Kg8 57.Rb3 Kf7 58.Ne5+ Ke7 59.Kb6 Kd8 
60.c5 Kc8 61.c6 Ra1 62.Rb4 Bd5 1-0

[Event "9th Asia-ch"]
[Site "Mashhad IRI"]
[Date "2011.05.09"]
[Round "8.7"]
[White "Paragua, Mark"]
[Black "Negi, Parimarjan"]
[Result "0-1"]
[WhiteElo "2542"]
[BlackElo "2622"]
[EventDate "2011.05.02"]
[PlyCount "95"]

1.e4 c5 2.Nf3 d6 3.d4 cxd4 4.Nxd4 Nf6 5.Nc3 a6 6.Bg5 e6 7.f4 Nbd7 8.Qf3 
Qc7 9.Bd3 b5 10.O-O-O Bb7 11.Rhe1 Be7 12.Qg3 b4 13.Nd5 exd5 14.exd5 Kd8 
15.Bh4 g6 16.Bf5 Nxd5 17.Bxe7+ Nxe7 18.Qh4 gxf5 19.Qxe7+ Kc8 20.Nxf5 Kb8 
21.Nxd6 Nc5 22.Qxc7+ Kxc7 23.Re5 Nd7 24.Re7 Bc6 25.g4 f6 26.g5 fxg5 27.
fxg5 Rag8 28.Nf7 Re8 29.Rde1 Rxe7 30.Rxe7 Rg8 31.h4 Rg7 32.h5 Bd5 33.g6 
hxg6 34.hxg6 Bc6 35.Re6 Nf8 36.Ng5 Nxg6 37.Rf6 Rg8 38.Ne6+ Kb6 39.Nd4 Ne5 
40.b3 Rg4 41.Nxc6 Nxc6 42.Kb2 Rg2 43.Rf4 a5 44.Re4 Rh2 45.Kb1 Na7 46.Re6+ 
Kc5 47.Re5+ Kc6 48.a3 0-1

[Event "9th Asia-ch"]
[Site "Mashhad IRI"]
[Date "2011.05.09"]
[Round "8.8"]
[White "Kasimdzhanov, Rustam"]
[Black "Sethuraman, Panayapan"]
[Result "1-0"]
[WhiteElo "2685"]
[BlackElo "2527"]
[EventDate "2011.05.02"]
[PlyCount "71"]

1.d4 d5 2.c4 e6 3.Nc3 Be7 4.cxd5 exd5 5.Bf4 c6 6.e3 Bf5 7.Nge2 Nd7 8.Rc1 
Nb6 9.Ng3 Bg6 10.Nh5 Bxh5 11.Qxh5 Bd6 12.Bg3 Nf6 13.Qd1 Bxg3 14.hxg3 Qe7 
15.Bd3 Nc8 16.g4 Nd6 17.g5 Nfe4 18.Bxe4 Nxe4 19.Nxe4 Qxe4 20.Kf1 O-O 21.
Qc2 Rae8 22.b4 Re6 23.Qxe4 Rxe4 24.a4 a6 25.b5 axb5 26.axb5 Ra8 27.bxc6 
bxc6 28.Rxc6 f5 29.g3 Rg4 30.Rd6 Ra5 31.Rd8+ Kf7 32.Rxh7 Rxg5 33.Rhh8 Rg6 
34.Rhf8+ Ke7 35.Rfe8+ Kf7 36.Re5 1-0

[Event "9th Asia-ch"]
[Site "Mashhad IRI"]
[Date "2011.05.09"]
[Round "8.9"]
[White "Adhiban, Baskaran"]
[Black "Barbosa, Oliver"]
[Result "1/2-1/2"]
[WhiteElo "2543"]
[BlackElo "2506"]
[EventDate "2011.05.02"]
[PlyCount "100"]

1.d4 d5 2.c4 c6 3.Nf3 Nf6 4.Nc3 a6 5.g3 b5 6.cxd5 cxd5 7.Bg2 e6 8.Ne5 Bb7 
9.Bg5 Be7 10.O-O O-O 11.e3 Nfd7 12.Bxe7 Qxe7 13.Nd3 Nc6 14.Qd2 Rfc8 15.
Rfc1 Rc7 16.Rc2 Rac8 17.Rac1 Nb6 18.b3 Nb4 19.Nxb4 Qxb4 20.Bf1 h6 21.Qd1 
Qd6 22.Ne2 b4 23.Nf4 a5 24.Bb5 Na8 25.Nd3 Ba6 26.Bxa6 Qxa6 27.Nc5 Qb5 28.
h4 Rc6 29.Nd3 Qb7 30.Ne5 R6c7 31.Qd3 h5 32.Rxc7 Rxc7 33.Rxc7 Nxc7 34.Qc2 
Qb6 35.Kg2 Qd6 36.Nc6 Nb5 37.Qc5 Qxc5 38.dxc5 Kf8 39.Nxa5 Nc3 40.Nc6 Nxa2 
41.Ne5 Ke7 42.Nd3 f6 43.Kf1 e5 44.Ke1 e4 45.Nf4 Nc1 46.Nxd5+ Kd7 47.Nxb4 
Nxb3 48.c6+ Kd6 49.Nd5 Nc5 50.Nf4 Ke5 1/2-1/2

[Event "9th Asia-ch"]
[Site "Mashhad IRI"]
[Date "2011.05.09"]
[Round "8.10"]
[White "Megaranto, Susanto"]
[Black "Lu Shanglei"]
[Result "0-1"]
[WhiteElo "2529"]
[BlackElo "2473"]
[EventDate "2011.05.02"]
[PlyCount "80"]

1.d4 f5 2.Nf3 Nf6 3.c4 g6 4.g3 Bg7 5.Bg2 O-O 6.O-O d6 7.Nc3 c6 8.b3 Na6 9.
Ba3 Qa5 10.Qc1 Rb8 11.Bb2 b5 12.cxb5 cxb5 13.a4 bxa4 14.Rxa4 Qb6 15.Nd2 
Be6 16.Qa1 Nb4 17.Rc1 Bh6 18.e3 Nd3 19.Ra6 Qd8 20.Rf1 Rc8 21.Qb1 Nxf2 22.
Rxf2 Bxe3 23.Nd1 Bxf2+ 24.Nxf2 Qc7 25.Qe1 Bf7 26.Nc4 Rb8 27.Na5 Rb6 28.
Rxb6 Qxb6 29.d5 Re8 30.Qc3 Qb5 31.g4 fxg4 32.Nxg4 Bxd5 33.Nc4 Qc5+ 34.Qd4 
Bxg2 35.Nxf6+ exf6 36.Kxg2 Qg5+ 37.Kf3 Qf5+ 38.Qf4 Qc2 39.Bxf6 Qe2+ 40.Kg3
Qd3+ 0-1

[Event "9th Asia-ch"]
[Site "Mashhad IRI"]
[Date "2011.05.09"]
[Round "8.11"]
[White "Ghaem Maghami, Ehsan"]
[Black "Laylo, Darwin"]
[Result "1/2-1/2"]
[WhiteElo "2606"]
[BlackElo "2516"]
[EventDate "2011.05.02"]
[PlyCount "125"]

1.e4 c6 2.d4 d5 3.exd5 cxd5 4.c4 Nf6 5.Nc3 Nc6 6.Bg5 dxc4 7.d5 Ne5 8.Qd4 
h6 9.Bf4 Ng6 10.Bxc4 Nxf4 11.Qxf4 Bd7 12.Nf3 g5 13.Qd2 Bg7 14.O-O O-O 15.
Rfe1 b5 16.d6 exd6 17.Bxb5 Bxb5 18.Nxb5 d5 19.Rad1 Qb6 20.Nc3 Ne4 21.Qe3 
Nxc3 22.bxc3 Rfe8 23.Qxe8+ Rxe8 24.Rxe8+ Kh7 25.Re7 g4 26.Nd4 Bxd4 27.cxd4
Kg6 28.Re2 h5 29.h3 f6 30.hxg4 hxg4 31.Re3 Qb2 32.a3 Qc2 33.Red3 Kg5 34.g3
a5 35.Kf1 Kf5 36.R1d2 Qc1+ 37.Rd1 Qc2 38.R1d2 Qc1+ 39.Kg2 Kg5 40.Re2 Qc4 
41.Ree3 Kg6 42.f3 Qc2+ 43.Kf1 Qb1+ 44.Ke2 Qc2+ 45.Rd2 Qc4+ 46.Kf2 Qc1 47.
Red3 gxf3 48.Rd1 Qb2+ 49.Kxf3 Kg5 50.R1d2 Qc1 51.Ke2 Qh1 52.Rf3 Qc1 53.
Rdd3 Qc2+ 54.Kf1 Qb1+ 55.Kf2 Qc2+ 56.Ke1 Qb1+ 57.Ke2 Qc2+ 58.Rd2 Qc1 59.
Re3 Kg4 60.Rdd3 Qc2+ 61.Rd2 Qc1 62.Rd1 Qc2+ 63.Rd2 1/2-1/2

[Event "9th Asia-ch"]
[Site "Mashhad IRI"]
[Date "2011.05.09"]
[Round "8.12"]
[White "Yang Kaiqi"]
[Black "Gopal, Geetha Narayanan"]
[Result "1/2-1/2"]
[WhiteElo "2409"]
[BlackElo "2592"]
[EventDate "2011.05.02"]
[PlyCount "99"]

1.d4 d5 2.c4 c6 3.Nf3 Nf6 4.cxd5 cxd5 5.Nc3 Nc6 6.Bf4 a6 7.e3 Bg4 8.Be2 e6
9.O-O Be7 10.h3 Bh5 11.Rc1 O-O 12.Ne5 Bxe2 13.Nxc6 bxc6 14.Nxe2 Qb6 15.Qb3
Qxb3 16.axb3 Rfc8 17.Rc2 c5 18.dxc5 Rxc5 19.Rxc5 Bxc5 20.Rc1 Nd7 21.Nc3 h6
22.Na4 Bf8 23.Rc7 Rd8 24.Kf1 Bb4 25.Bg3 a5 26.f3 Nf6 27.Rb7 Rc8 28.Rc7 Rd8
29.Be5 Ne8 30.Rc6 Nd6 31.g4 f6 32.Bc3 e5 33.Nc5 Nf7 34.h4 d4 35.Bxb4 axb4 
36.Ke2 dxe3 37.Kxe3 h5 38.Ne6 Rd6 39.Rxd6 Nxd6 40.Nc7 hxg4 41.fxg4 f5 42.
g5 f4+ 43.Kf3 Nf5 44.Kg4 Ne3+ 45.Kf3 g6 46.Na6 Kf7 47.Nxb4 Ke6 48.Nc6 Kf7 
49.Nd4 Nd1 50.b4 1/2-1/2

[Event "9th Asia-ch"]
[Site "Mashhad IRI"]
[Date "2011.05.09"]
[Round "8.13"]
[White "Cao Sang"]
[Black "Lou Yiping"]
[Result "1/2-1/2"]
[WhiteElo "2547"]
[BlackElo "2435"]
[EventDate "2011.05.02"]
[PlyCount "80"]

1.e4 c6 2.d4 d5 3.e5 Bf5 4.Nf3 e6 5.Be2 c5 6.O-O cxd4 7.Nxd4 Ne7 8.c4 Nbc6
9.Nxf5 Nxf5 10.cxd5 Qxd5 11.Qxd5 exd5 12.Nc3 Nfd4 13.Rd1 Bb4 14.Bf1 Rd8 
15.Bg5 Be7 16.Bxe7 Kxe7 17.Rd2 Ke6 18.Rad1 Kxe5 19.b4 Ne6 20.Rxd5+ Kf6 21.
Rd7 Nxb4 22.Rxb7 Rxd1 23.Nxd1 Nc6 24.Nc3 Rb8 25.Rxb8 Nxb8 26.f3 Ke5 27.Kf2
Nd7 28.Ke3 Nb6 29.Kd2 Nc5 30.g3 g5 31.Ke3 Ne6 32.h4 h6 33.hxg5 hxg5 34.Bb5
f5 35.Bc6 f4+ 36.gxf4+ gxf4+ 37.Kd3 Nc5+ 38.Kc2 Ne6 39.Kd3 Nc5+ 40.Kc2 Ne6
1/2-1/2

[Event "9th Asia-ch"]
[Site "Mashhad IRI"]
[Date "2011.05.09"]
[Round "8.14"]
[White "Gomez, John Paul"]
[Black "Ahmadinia, Ebrahim"]
[Result "1-0"]
[WhiteElo "2538"]
[BlackElo "2429"]
[EventDate "2011.05.02"]
[PlyCount "97"]

1.e4 e5 2.Nf3 Nc6 3.Bb5 a6 4.Ba4 Nf6 5.d3 b5 6.Bb3 Be7 7.O-O O-O 8.Re1 d6 
9.c3 Na5 10.Bc2 c5 11.Nbd2 Re8 12.h3 Bf8 13.Nf1 h6 14.N3h2 d5 15.Qf3 d4 
16.Ng3 Kh7 17.Ng4 Re6 18.cxd4 cxd4 19.Bd2 b4 20.Ba4 Nxg4 21.hxg4 Bd7 22.
Bxd7 Qxd7 23.Rec1 Kg8 24.g5 hxg5 25.Bxg5 b3 26.Bd2 Qb5 27.a3 Nb7 28.Kf1 
Rf6 29.Nf5 g6 30.Bg5 Rc6 31.Rxc6 Qxc6 32.Rc1 Qd7 33.Qh3 Qe6 34.Rc7 gxf5 
35.exf5 Qb6 36.Rxb7 Qxb7 37.Bf6 Bg7 38.Qg3 Kf8 39.Qxg7+ Ke8 40.Qg8+ Kd7 
41.Qxf7+ Kc6 42.Qe6+ Kc7 43.Bxe5+ Kd8 44.Qg8+ Kd7 45.Qf7+ Kc6 46.Qe6+ Kc5 
47.Qc4+ Kb6 48.Bxd4+ Ka5 49.Qc5+ 1-0

[Event "9th Asia-ch"]
[Site "Mashhad IRI"]
[Date "2011.05.09"]
[Round "8.15"]
[White "Kunte, Abhijit"]
[Black "Vaibhav, Suri"]
[Result "1-0"]
[WhiteElo "2526"]
[BlackElo "2430"]
[EventDate "2011.05.02"]
[PlyCount "91"]

1.Nf3 d5 2.c4 e6 3.g3 Nf6 4.Bg2 dxc4 5.Qa4+ c6 6.Qxc4 b5 7.Qc2 Bb7 8.Nc3 
Nbd7 9.O-O a6 10.a4 Be7 11.d3 O-O 12.e4 Rc8 13.Be3 b4 14.Nb1 c5 15.Nbd2 
Nb8 16.Ne5 Nfd7 17.Nec4 Nc6 18.e5 Nb6 19.f4 Nd4 20.Bxd4 Qxd4+ 21.Rf2 Nxc4 
22.Nxc4 Bd5 23.Be4 b3 24.Qe2 Rb8 25.Kg2 Rfd8 26.Bxd5 Qxd5+ 27.Rf3 Rb4 28.
a5 f6 29.exf6 Bxf6 30.Re1 Kf7 31.g4 Rb7 32.Kg3 h5 33.g5 Bd4 34.g6+ Kf6 35.
f5 Re8 36.Qg2 h4+ 37.Kh3 e5 38.Nd2 Ke7 39.Ne4 Kd8 40.Qg5+ Kc8 41.f6 gxf6 
42.Rxf6 Qd7+ 43.Qg4 Kb8 44.Nd6 Rg8 45.Nxb7 Qxb7 46.Rb6 1-0

[Event "9th Asia-ch"]
[Site "Mashhad IRI"]
[Date "2011.05.09"]
[Round "8.16"]
[White "Ismagambetov, Anuar"]
[Black "Wang Chen"]
[Result "1-0"]
[WhiteElo "2500"]
[BlackElo "2436"]
[EventDate "2011.05.02"]
[PlyCount "73"]

1.e4 c5 2.Nf3 e6 3.d4 cxd4 4.Nxd4 a6 5.Bd3 g6 6.b3 Bg7 7.Bb2 Nf6 8.O-O O-O
9.Nd2 d5 10.e5 Nfd7 11.f4 Nc5 12.Be2 b5 13.Bf3 Bb7 14.Qe2 Nbd7 15.Kh1 Qb6 
16.Rab1 b4 17.c4 bxc3 18.Bxc3 a5 19.Qe3 Ba6 20.Be2 Rfc8 21.a4 Nd3 22.Ba1 
Nb4 23.Bxa6 Qxa6 24.Nb5 Nc2 25.Qe2 Nxa1 26.Rxa1 Qb6 27.Rac1 Rc5 28.Rxc5 
Qxc5 29.Nf3 Rc8 30.Qd2 Qc2 31.Qe3 Bf8 32.Qa7 Qd3 33.Re1 Nc5 34.Ng5 Qf5 35.
Rf1 Bg7 36.Nd6 Qd3 37.Rg1 1-0

[Event "9th Asia-ch"]
[Site "Mashhad IRI"]
[Date "2011.05.09"]
[Round "8.17"]
[White "Hou Yifan"]
[Black "Shyam Sundar, M."]
[Result "1-0"]
[WhiteElo "2612"]
[BlackElo "2457"]
[EventDate "2011.05.02"]
[PlyCount "91"]

1.e4 e6 2.d4 d5 3.Nd2 Nf6 4.e5 Nfd7 5.Bd3 c5 6.c3 Nc6 7.Ne2 cxd4 8.cxd4 f6
9.exf6 Nxf6 10.Nf3 Bd6 11.O-O O-O 12.Bf4 Bxf4 13.Nxf4 Ne4 14.Qc1 Qf6 15.
Ne2 e5 16.dxe5 Nxe5 17.Nxe5 Qxe5 18.f3 Nf6 19.Qc3 Qe3+ 20.Kh1 Qb6 21.Qd4 
Qxd4 22.Nxd4 Bd7 23.Rac1 Rac8 24.g4 Kf7 25.Kg2 h6 26.h4 Ke7 27.Rxc8 Rxc8 
28.g5 hxg5 29.hxg5 Nh5 30.f4 Kd6 31.f5 Ke5 32.Nf3+ Kd6 33.Nd4 Ke5 34.Nf3+ 
Kd6 35.Nh4 Re8 36.Kf3 d4 37.Kg4 g6 38.Nxg6 Ng7 39.Nh4 Re3 40.Rf3 Re1 41.
Rg3 Rd1 42.g6 Ke7 43.Kg5 Kf8 44.f6 Ne6+ 45.Kh6 Kg8 46.g7 1-0

[Event "9th Asia-ch"]
[Site "Mashhad IRI"]
[Date "2011.05.09"]
[Round "8.18"]
[White "Djao Thien Hai"]
[Black "Gao Rui"]
[Result "0-1"]
[WhiteElo "2512"]
[BlackElo "2419"]
[EventDate "2011.05.02"]
[PlyCount "60"]

1.d4 Nf6 2.c4 g6 3.f3 d5 4.cxd5 Nxd5 5.e4 Nb6 6.Nc3 Bg7 7.Be3 O-O 8.Qd2 
Nc6 9.O-O-O f5 10.e5 Nb4 11.Nh3 a5 12.Nf4 g5 13.Nh5 f4 14.Bf2 Bf5 15.b3 
N6d5 16.Na4 Bh8 17.Kb2 Bg6 18.g4 fxg3 19.Nxg3 Rxf3 20.Bg1 Nd3+ 21.Ka1 N5f4
22.Ne2 Nxe5 23.Be3 Nc6 24.Nec3 Bg7 25.Bc4+ Kh8 26.h4 Nb4 27.Bg1 c6 28.hxg5
b5 29.Be2 Nxe2 30.Qxe2 Qf8 0-1